| 000 | 01185nam1a22002651 4500 | ||
|---|---|---|---|
| 001 | rc\2902766 | ||
| 005 | 20110729202253.1 | ||
| 035 | _a(NLR Aleph) 007054006 | ||
| 090 |
_a6219147 _c6219147 |
||
| 100 | _a20110729d1932 |||y0rusy50 ca | ||
| 101 | 0 | _arus | |
| 102 | _aRU | ||
| 105 | _ay z ||||| | ||
| 200 | 1 |
_aОчерки по экономике лесного хозяйства и лесной промышленности _fФ.В. Новиков и Л.И. Кунин _gПод ред. К.Я. Розенталь _gВсесоюз. заоч. ин-т фин.-экон. и счетных наук Наркомфина СССР и ОРУ |
|
| 210 |
_aМосква _cГосфиниздат _d1932 [на обл.: 1933] _e[Ленинград] _g1 тип. изд-ва Ленингр. облисполкома и Совета |
||
| 215 | _d21х15 см | ||
| 300 | _aНа обл. 2-й автор: Л.Н. [?] Кунин | ||
| 700 | 1 |
_aНовиков _bФ. В. |
|
| 701 | 1 |
_aКунин _bЛ. И. _gЛазарь Исаакович |
|
| 702 | 1 |
_aРозенталь _bК. Я. _4340 |
|
| 801 | 0 |
_aRU _bNLR _gpsbo |
|
| 801 | 1 |
_aRU _bELAR _2rusmarc |
|
| 852 |
_aNLR _j32-18/708-1 |
||
| 942 | _cBOOK | ||
| 980 | _aNB | ||